Normal view MARC view
  • Orientación educativa

Entry Materia

Number of records used in: 2

001 - NÚMERO DE CONTROL DEL REGISTRO

  • campo de control: 53994

003 - IDENTIFICADOR DE NUMERO DE CONTROL

  • campo de control: MX-MxUPN

005 - FECHA Y HORA DE LA ÚLTIMA TRANSACCIÓN

  • campo de control: 20241009144746.0

008 - DATOS DE LONGITUD FIJA

  • campo de control de longitud fija: 241009|| acn||babn | a|a d

040 ## - FUENTE DE LA CATALOGACIÓN

  • Centro catalogador de origen: MX-MxUPN
  • Lengua de catalogación: spa
  • Agencia de transcripción: MX-MxUPN

150 ## - ENCABEZAMIENTO - TEMÁTICO

  • Término de materia o nombre geográfico como elemento inicial: Orientación educativa
  • Subdivisión de forma: Congresos

670 ## - FUENTE EN LA QUE SE LOCALIZARON DATOS

  • Cita de la fuente: Autoridades BGTQ, 9 octubre 2024:
  • Información localizada: (Orientación educativa -- Congresos)

902 ## - CATALOGADOR

  • Catalogador: Víctor Ruiz/091024